| 000 | 01048nam0a2200289 4500 | ||
|---|---|---|---|
| 001 | RU\NLR\bibl\589395 | ||
| 005 | 20260406051557.0 | ||
| 010 |
_a5-472-00346-6 _911000 |
||
| 021 |
_aRU _b2004-68711 _93387 |
||
| 035 | _a(NLR Aleph) 000581368 | ||
| 090 |
_a1654882 _c1654882 |
||
| 100 | _a20041224d2005 |||y0rusy50 ca | ||
| 101 | 0 | _arus | |
| 102 | _aRU | ||
| 105 | _aa ||||||||| | ||
| 200 | 1 |
_aБухгалтерский учет _e8800 типовых проводок _fВ.Я. Кожинов |
|
| 210 |
_aМ. _cЭкзамен _d2005 |
||
| 215 |
_a639 с. _cграф. _d26 |
||
| 320 | _aБиблиогр.: с. 633-639 (246 назв.) | ||
| 606 | 0 |
_aБухгалтерские проводки _jРуководства, пособия и т.п. _92089487 _3RU\NLR\auth\661264824 |
|
| 686 | _aУ052.9(2)2-11я7 | ||
| 700 | 1 |
_4070 _8rus _7ca _aКожинов _bВ. Я. _gВалерий Яковлевич _3RU\NLR\auth\776813 _9116761 |
|
| 801 | 0 |
_aRU _bNLR _c20041224 _gPSBO |
|
| 801 | 1 |
_aRU _bNLR _c20041224 |
|
| 942 | _cBOOK | ||
| 980 | _aNB | ||